|
|
|
|
| LEADER |
00000nam0a2200000 4500 |
| 001 |
70597 |
| 005 |
20231031081738.0 |
| 035 |
|
|
|a (RuTPU)RU\TPU\book\75159
|
| 090 |
|
|
|a 70597
|
| 100 |
|
|
|a 20041125d2004 k y0rusy50 ca
|
| 101 |
0 |
|
|a rus
|
| 102 |
|
|
|a RU
|
| 105 |
|
|
|a a b 000zy
|
| 200 |
1 |
|
|a Средства измерения и автоматизации в отраслях промышленности.
|a Измерения давления
|e сводный каталог. СК-4
|f Ассоциация делового и научно-технического сотрудничества в области машиностроения, высоких технологий и конверсии; Ассоциация МВТК
|
| 210 |
|
|
|a Москва
|c Ассоциация МВТК
|d 2004
|
| 215 |
|
|
|a 150 с.
|c ил.
|
| 610 |
1 |
|
|a измерительная техника
|
| 610 |
1 |
|
|a средства измерения
|
| 610 |
1 |
|
|a давление
|
| 610 |
1 |
|
|a измерение
|
| 610 |
1 |
|
|a манометры
|
| 610 |
1 |
|
|a индикаторы
|
| 610 |
1 |
|
|a тягомеры
|
| 610 |
1 |
|
|a преобразователи
|
| 610 |
1 |
|
|a датчики
|
| 610 |
1 |
|
|a вакуумметры
|
| 610 |
1 |
|
|a сводные каталоги
|
| 675 |
|
|
|a 681.2:53(085)
|v 3
|
| 712 |
0 |
2 |
|a Ассоциация делового и научно-технического сотрудничества в области машиностроения, высоких технологий и конверсии (Ассоциация МВТК)
|c (Москва)
|2 stltpush
|3 (RuTPU)RU\TPU\col\5723
|
| 801 |
|
1 |
|a RU
|b 63413507
|c 20041125
|g PSBO
|
| 801 |
|
2 |
|a RU
|b 63413507
|c 20101129
|g PSBO
|
| 942 |
|
|
|c BK
|